| 000 | 00649nam a2200229 a 4500 | ||
|---|---|---|---|
| 005 | 20210219152906.0 | ||
| 008 | 991125n 000 0 spa u | ||
| 035 | _aUPN01000065929 | ||
| 100 | 1 | _aGarmendia, Begoña | |
| 222 | 0 | _aEDUCACION Y BIBLIOTECA : REVISTA MENSUAL DE DOCUMENTACION Y RECURSOS DIDACTICOS | |
| 245 | 0 | 0 | _aLa bebeteca : una experiencia diferente |
| 260 | _aMadrid, España | ||
| 300 | _a51-52 | ||
| 362 | 0 | _a1994 No. 46, abr. | |
| 653 | 0 | _aBEBETECAS | |
| 653 | 0 | _aBIBLIOTECAS | |
| 653 | 0 | _aDESARROLLO INFANTIL | |
| 653 | 0 | _aNIÑOS | |
| 653 | 0 | _aSERVICIOS BIBLIOTECARIOS | |
| 904 |
_aAC _b003740 |
||
| 905 | _aArticulo | ||
| 999 |
_c63204 _d63204 |
||